Normal view
MARC view
Entry Nombre personal
001 - NÚMERO DE CONTROL
- campo de control: 958
003 - IDENTIFICADOR DE NÚMERO DE CONTROL
- campo de control: DLC
005 - FECHA Y HORA DE LA ÚLTIMA TRANSACCIÓN
- campo de control: 20260325064555.0
008 - ELEMENTOS DE DATO DE LONGITUD-FIJA
- campo de control de longitud fija: 120503n| acannaabn |n aaa c
010 ## - NÚMERO DE CONTROL DE LA BIBLIOTECA DEL CONGRESO
- Número de control de LC: no2012062459
035 ## - NÚMERO DE CONTROL DEL SISTEMA
- Número de control de sistema: (OCoLC)oca09189161
040 ## - FUENTE DE CATALOGACIÓN
- Centro catalogador/agencia de origen: PE-LiPUR
- Lengua de catalogación: eng
- Centro/agencia transcriptor: PE-LiPUR
100 1# - ENCABEZAMIENTO-NOMBRE DE PERSONA
- Nombre de persona: Fayard, Marcelo I.
670 ## - FUENTE DE DATOS ENCONTRADOS
- Cita de la fuente: La clave de la felicidad y la salud mental, 1950:
- Información encontrada: t.p. (Marcelo I. Fayard)
670 ## - FUENTE DE DATOS ENCONTRADOS
- Cita de la fuente: LC database, 05-03-12
- Información encontrada: (hdg.: Fayard, Marcelo I.)